000 00945nam a2200277 4500
003 OSt
005 20260601193401.0
008 260417b1944 xxua|||| |||| 00| 0 eng d
040 _aICI
_bspa
_cICI
050 _a N70
_bK45
100 1 _a Kepes, Gyorgy
_d906-2001,
_934953
245 1 _aLanguage of vision
_cGyorgy Kepes ; with introductory essays by S. Giedion and S.I. Hayakawa
250 _aFirst edition
264 _bPaul Theobald
_c1944
_a Chicago
300 _a228 páginas
_bilustraciones
336 _atexto
_2rdacontent
337 _asin medio
_2rdamedia
338 _avolumen
_2rdacarrier
500 _aReimpresiones: (1948) -- (1961)
650 _aPerspectiva
_934954
650 _aArte |x Psicología
_934955
650 _aPercepción espacial
_934956
700 _aGiedion, S. |q (Sigfried)
_d 1888-1968,
_q prologuista
_934957
700 _aHayakawa, S. I. |q (Samuel Ichiyé)
_d1906-1992,
_eprologuista
_934958
942 _2ddc
_cB
999 _c20984
_d20984